"Estación Intermodal Universitaria San Pedro" Ciudad Universitaria Rodrigo Facio

Zapisane w:
Opis bibliograficzny
1. autor: Obando Sánchez, Sergio
Kolejni autorzy: Villarreal Montoya, José Aquiles, 1959- Director del TFG
Format: Nieznany
Język:Spanish
Wydane: San Pedro, Montes de Oca, [San José, Costa Rica] 2014
Hasła przedmiotowe:
Etykiety: Dodaj etykietę
Nie ma etykietki, Dołącz pierwszą etykiete!

MARC

LEADER 00000 a2200000 4500
003 EA0112
005 20230223080049.0
008 140114s2014 cr a 000 ||spa d
040 |c cru CEDI 
090 |a TFG EA-112 
100 |a Obando Sánchez, Sergio  |9 20179 
245 |a "Estación Intermodal Universitaria San Pedro" Ciudad Universitaria Rodrigo Facio  
260 |a San Pedro, Montes de Oca, [San José, Costa Rica]  |c 2014 
500 |a  Proyecto de graduación (licenciatura en arquitectura)--Universidad de Costa Rica. Facultad de Ingeniería. Escuela de Arquitectura 
501 |a Director de Proyecto de Graduación: Arq. José Aquiles Villarreal Montoya 
650 |x UNIVERSIDAD DE COSTA RICA - PROYECTOS   |x ESTUDIANTES UNIVERSITARIOS - TRANSPORTE - SAN PEDRO (MONTES DE OCA, SAN JOSE, COSTA RICA)   |x DISEÑO ARQUITECTONICO - SAN PEDRO (MONTES DE OCA, SAN JOSE, COSTA RICA)  |x ESPACIO (ARQUITECTURA)  |9 20180 
700 |9 84  |a Villarreal Montoya, José Aquiles, 1959-  |d Director del TFG 
942 |c CEDI 
999 |c 12709  |d 12709